000 02277nam a2200325Ia 4500
999 _c39744
_d39744
001 6349
003 GE_BSU
005 20191129172637.0
008 181216s||||||||xx |||||||||||||| ||und||
020 _a9789941434198
040 _cGE_BSU
041 _ageo
080 _a001.815+001.816+001.814.4 გ-69
100 _aგორგოშაძე, მურმან
_95624
245 _aსამეცნიერო-საკვალიფიკაციო ნაშრომის შესავლისა და ბიბლიოგრაფიული აპარატის ფორმირების ზოგიერთი წესი /
_c მურმან გორგოშაძე; სარედ. კოლ.: მურმან გორგოშაძე (მთ. რედ.) ; ადამ მახარაძე (ნომრის რედ.) [და სხვ. ნომრის რედ. ადამ მახარაძე
264 _aბათუმი :
_bშოთა რუსთაველის სახ. უნ–ტი,
_c2013.
300 _a47 გვ.;
_b20 სმ.
490 _aსამართალმცოდნეობის სპეციალობის სტუდენტის ბიბლიოთეკა,
_x ISSN ISSN 1987-5894
501 _aდანართები: გვ. 41-45.
504 _aბიბლიოგრ.: გვ. 39-40.
541 _h2ლ.63თ.
653 _a სამეცნიერო ნაშრომის ბიბლიოგრაფიის შედგენა
700 _aგორგოშაძე, მურმან
_eრედაქტორი
_95624
700 _aმახარაძე, ადამ
_eრედაქტორი
_95625
700 _aფუტკარაძე, ნუგზარ
_eრედაქტორი
_9249
700 _aმახარაძე, ომარ
_eრედაქტორი
_9244
700 _aჯაყელი, ლევან და სხვ.
_eრედაქტორი
_95626
710 _aბათუმის სახელმწ. უნ-ტი
_bსოციალ. მეცნ., ბიზნ. და სამართალმც. ფაკ-ტი
_95627
942 _cBK
_2udc